The million dollar shot / (Record no. 2459)

MARC details
000 -LEADER
fixed length control field 01058cam a22003373a 4500
005 - DATE AND TIME OF LATEST TRANSACTION
control field 20231211091652.0
020 ## - INTERNATIONAL STANDARD BOOK NUMBER
International Standard Book Number 1423100840 (pbk.)
020 ## - INTERNATIONAL STANDARD BOOK NUMBER
International Standard Book Number 9780439773201
020 ## - INTERNATIONAL STANDARD BOOK NUMBER
International Standard Book Number 9781423100843 (pbk.)
040 ## - CATALOGING SOURCE
Original cataloging agency BKX
Transcribing agency BKX
Modifying agency BAKER
-- YDXCP
-- BTCTA
-- DLC
Language of cataloging eng
050 00 - LIBRARY OF CONGRESS CALL NUMBER
Classification number PZ7.G9846
082 04 - DEWEY DECIMAL CLASSIFICATION NUMBER
Classification number 423
Edition number 22
100 1# - MAIN ENTRY--PERSONAL NAME
Personal name Gutman, Dan
245 14 - TITLE STATEMENT
Title The million dollar shot /
Statement of responsibility, etc. Dan Gutman
250 ## - EDITION STATEMENT
Edition statement First Scholastic printing, March 2005
260 ## - PUBLICATION, DISTRIBUTION, ETC.
Place of publication, distribution, etc. New York :
Name of publisher, distributor, etc. Scholastic,
Date of publication, distribution, etc. 1997
300 ## - PHYSICAL DESCRIPTION
Extent 114 pages :
Dimensions 20 cm
505 ## - FORMATTED CONTENTS NOTE
Formatted contents note P
520 ## - SUMMARY, ETC.
Summary, etc. Eleven-year-old Eddie gets a chance to win a million dollars by sinking a foul shot at the National Basketball Association finals.
521 ## - TARGET AUDIENCE NOTE
Target audience note 680
Source Lexile
521 ## - TARGET AUDIENCE NOTE
Target audience note P
Source Raz-Plus
650 #0 - SUBJECT ADDED ENTRY--TOPICAL TERM
Topical term or geographic name entry element Basketball stories.
650 #0 - SUBJECT ADDED ENTRY--TOPICAL TERM
Topical term or geographic name entry element Contests
Form subdivision Juvenile fiction.
650 #0 - SUBJECT ADDED ENTRY--TOPICAL TERM
Topical term or geographic name entry element Wealth
Form subdivision Juvenile fiction.
650 #1 - SUBJECT ADDED ENTRY--TOPICAL TERM
Topical term or geographic name entry element Basketball
Form subdivision Fiction.
650 #1 - SUBJECT ADDED ENTRY--TOPICAL TERM
Topical term or geographic name entry element Contests
Form subdivision Fiction.
650 #1 - SUBJECT ADDED ENTRY--TOPICAL TERM
Topical term or geographic name entry element Wealth
Form subdivision Fiction.
906 ## - LOCAL DATA ELEMENT F, LDF (RLIN)
a 7
b cbc
c copycat
d 2
e ncip
f 20
g y-gencatlg
942 ## - ADDED ENTRY ELEMENTS (KOHA)
Source of classification or shelving scheme Dewey Decimal Classification
Koha item type Books
Suppress in OPAC No
999 ## -
-- 2459
-- 2459
Holdings
Withdrawn status Lost status Source of classification or shelving scheme Damaged status Not for loan Collection Home library Current library Shelving location Date acquired Total Checkouts Full call number Barcode Date last seen Date last checked out Price effective from Koha item type
    Dewey Decimal Classification     Juvenile Fiction Footprints International School Library Network Toul Kork Campus Footprints International School Library Network Toul Kork Campus   12/11/2023 1 GUT 423 PZ7.G9846 FISSE00931 04/08/2025 12/11/2023 12/11/2023 Books